=LDR 00000nam 2200000 4500 =001 INLIS000000000016952 =005 20200819085157 =035 ##$$a 0010-061300000016952 =008 200819################g##########0#ind## =041 ##$$a Ind =082 ##$$a 2x9.8 =090 ##$$a 2x9.8, Fan c =100 ##$$a Fauzi, Ikhwan =245 1#$$a Cendekiawan muslim klasik /$c Ikhwan Fauzi, LC =260 ##$$a Jakarta :$b Salemba Diniyah,$c 2002 =300 ##$$a xvi, 87 hlm. ; $c 13x20 cm. =650 #4$$a Biografi tokoh-tokoh islam =850 ##$$a NBPNMAT =020 ##$$a 979-96866-3-6 =084 ##$$a 2x9.8 FAU c =504 ##$$a Bibliografi : hlm. 86 - 87 =990 ##$$a 20403524 =990 ##$$a 20403521 =990 ##$$a 20403522 =990 ##$$a 20403521 =990 ##$$a 20403524 =990 ##$$a 20403522